Nový rozmer v dôchodkovej politike a reforme
Nevyhnutnosť dôchodkovej reformy. Neudržateľnosť systému dôchodkového zabezpečenia v súčasnej podobe. Tri základné možnosti zmeny dôchodkového systému. Situácia vo svete. Charakteristika jednotlivých navrhovaných systémov. Nová dôchodková politika predstavuje modernizáciu európskeho sociálneho model...
Salvato in:
| Autore principale: | |
|---|---|
| Natura: | Capitolo di libro |
| Lingua: | slovacco |
| Soggetti: | |
| Tags: |
Nessun Tag, puoi essere il primo ad aggiungerne!!
|
MARC
| LEADER | 00000naa$a2200000$$$4500 | ||
|---|---|---|---|
| 001 | 0003040 | ||
| 005 | 20231002075558.6 | ||
| 041 | 0 | |a slo | |
| 044 | |a SK | ||
| 245 | 1 | 0 | |a Nový rozmer v dôchodkovej politike a reforme |c aut. Július Alexy |
| 520 | |a Nevyhnutnosť dôchodkovej reformy. Neudržateľnosť systému dôchodkového zabezpečenia v súčasnej podobe. Tri základné možnosti zmeny dôchodkového systému. Situácia vo svete. Charakteristika jednotlivých navrhovaných systémov. Nová dôchodková politika predstavuje modernizáciu európskeho sociálneho modelu, ktorý by mal zabezpečiť zachovanie základných hodnôt sociálnej spravodlivosti a solidarity. | ||
| 610 | 2 | 0 | |a politika dôchodková |
| 610 | 2 | 0 | |a dôchodky |
| 610 | 2 | 0 | |a reformy |
| 610 | 2 | 0 | |a Slovensko |
| 610 | 2 | 0 | |a svet |
| 100 | 1 | |a Alexy, Július, 1926-2024 | |